[Event "Greifswald op 3rd"]
[Site "Greifswald"]
[Date "2005.07.10"]
[Round "7"]
[White "Ploeger, Elke"]
[Black "Siegler, Romano"]
[Result "1-0"]
[WhiteElo "1291"]
[BlackElo "1173"]
[PlyCount "83"]
[EventDate "2005.07.07"]
[EventType "swiss"]
[EventRounds "7"]
[EventCountry "GER"]
[SourceTitle "EXT 2007"]
[Source "ChessBase"]
[SourceDate "2006.11.23"]
[SourceVersion "1"]
[SourceVersionDate "2006.11.23"]
[SourceQuality "1"]

1. e4 e5 2. Nf3 d6 3. c3 Nf6 4. d3 Be7 5. Bg5 Nbd7 6. Nbd2 h6 7. Bxf6 Nxf6 8. h3 0-0 9. d4 Nd7 10. Nb3 b6 11. d5 Bb7 12. a4 c6 13. c4 c5 14. Bd3 Bf6 15. 0-0 Nb8 16. Nc1 Na6 17. Re1 Bg5 18. Nxg5 Qxg5 19. Bf1 Bc8 20. Re3 Qe7 21. Nd3 Bd7 22. b3 Rab8 23. Qd2 Nc7 24. Rg3 a5 25. Qxh6 f6 26. Qe3 Qf7 27. f4 f5 28. Ra2 fxe4 29. Qxe4 exf4 30. Rf2 Rbe8 31. Qxf4 Qxf4 32. Nxf4 Re7 33. Ng6 Rxf2 34. Nxe7+ Kf7 35. Kxf2 Kxe7 36. Rxg7+ Kd8 37. Be2 Bf5 38. Rg8+ Ke7 39. Bd1 Ne8 40. Rg5 Bh7 41. h4 Nf6 42. Ke3 1-0

[Event "Greifswald op 3rd"]
[Site "Greifswald"]
[Date "2005.07.09"]
[Round "6"]
[White "Siegler, Romano"]
[Black "Scheiwe, Clemens"]
[Result "1-0"]
[WhiteElo "1173"]
[BlackElo "845"]
[PlyCount "79"]
[EventDate "2005.07.07"]
[EventType "swiss"]
[EventRounds "7"]
[EventCountry "GER"]
[SourceTitle "EXT 2007"]
[Source "ChessBase"]
[SourceDate "2006.11.23"]
[SourceVersion "1"]
[SourceVersionDate "2006.11.23"]
[SourceQuality "1"]

1. d4 d5 2. Nf3 Nf6 3. e3 Nc6 4. b3 Bg4 5. Be2 e6 6. 0-0 Bd6 7. Bb2 0-0 8. Ne5 Bf5 9. Nxc6 bxc6 10. Ba3 Ne8 11. Bd3 c5 12. Bxf5 exf5 13. dxc5 Be5 14. c3 c6 15. Qd2 Qh4 16. g3 Qh3 17. Bb2 Nf6 18. f4 Bc7 19. Qg2 Qh6 20. c4 Ng4 21. Qe2 Rae8 22. Bc1 Qf6 23. Qb2 Qg6 24. Re1 Re7 25. cxd5 cxd5 26. Qd4 Qh6 27. Re2 Rfe8 28. Nc3 Be5 29. fxe5 Nxe5 30. Qxd5 Rd7 31. Qg2 Rd3 32. e4 Nf3+ 33. Qxf3 Qd6 34. Qf2 Rxc3 35. cxd6 Rd3 36. Rd2 Rc3 37. Qxa7 Rc6 38. d7 Rd8 39. Bb2 Re6 40. Qc7 1-0